Farming Records and Accounts / (Record no. 73522)
[ view plain ]
| 000 -LEADER | |
|---|---|
| fixed length control field | 00698nam a2200241 a 4500 |
| 001 - CONTROL NUMBER | |
| control field | 73522 |
| 003 - CONTROL NUMBER IDENTIFIER | |
| rucl marc code | BD-RJUL |
| 005 - DATE AND TIME OF LATEST TRANSACTION | |
| control field | 20211209082415.0 |
| 008 - FIXED-LENGTH DATA ELEMENTS--GENERAL INFORMATION | |
| fixed length control field | 170603s1953 enka 001 0 eng d |
| 035 ## - SYSTEM CONTROL NUMBER | |
| System control number | (BD-RJUL) 73740 |
| 040 ## - CATALOGING SOURCE | |
| Transcribing agency | MNP |
| Modifying agency | UKM |
| -- | EQO |
| Original cataloging agency | BD-RjUL |
| Language of cataloging | eng |
| 041 ## - LANGUAGE CODE | |
| Language code of text/sound track or separate title | eng |
| 082 04 - DEWEY DECIMAL CLASSIFICATION NUMBER | |
| Classification number | 630 |
| Edition number | 23 |
| Author mark and year | WYF 1953 |
| 100 1# - MAIN ENTRY--PERSONAL NAME | |
| Personal name | Wyllie, James |
| 9 (RLIN) | 217537 |
| 245 10 - TITLE STATEMENT | |
| Title | Farming Records and Accounts / |
| Statement of responsibility, etc. | James Wyllie |
| 260 ## - PUBLICATION, DISTRIBUTION, ETC. (IMPRINT) | |
| Place of publication, distribution, etc. | London : |
| Name of publisher, distributor, etc. | Butterworths Scientific Publications, |
| Date of publication, distribution, etc. | 1953. |
| 300 ## - PHYSICAL DESCRIPTION | |
| Pagination | xiii, 310 p. : |
| Illustrations | ill. ; |
| Size | 23 cm. |
| 490 0# - SERIES STATEMENT | |
| Series statement | Wye college series ; |
| Volume/sequential designation | no. 1 |
| 500 ## - GENERAL NOTE | |
| General note | Includes Index. |
| 650 #0 - SUBJECT ADDED ENTRY--TOPICAL TERM | |
| Topical term or geographic name as entry element | Farming |
| 9 (RLIN) | 217538 |
| 856 ## - ELECTRONIC LOCATION AND ACCESS | |
| Materials specified | Wye college series ; |
| Uniform Resource Identifier | <a href="no. 1">no. 1</a> |
| 942 ## - ADDED ENTRY ELEMENTS (KOHA) | |
| Source of classification or shelving scheme | Dewey Decimal Classification |
| Koha item type | Books |
| Lost status | Source of classification or shelving scheme | Damaged status | Not for loan | Collection code | Permanent Location | Current Location | Shelving location | Date acquired | Source of acquisition | Cost, normal purchase price | Total Checkouts | Full call number | Date last seen | Copy number | Koha item type |
|---|---|---|---|---|---|---|---|---|---|---|---|---|---|---|---|
| Dewey Decimal Classification | Not For Loan | Non-fiction | Central Library, University of Rajshahi | Central Library, University of Rajshahi | Reading Room | 15/06/1963 | Zetlinger | 30.00 | 630 WYF 1953 | 03/06/2017 | C-1 | Books | |||
| Dewey Decimal Classification | Non-fiction | Central Library, University of Rajshahi | Central Library, University of Rajshahi | 21/04/1964 | Zetlinger | 30.00 | 630 WYF 1953 | 03/06/2017 | C-2 | Books |